| 000 | 00512nam a2200169 i 4500 | ||
|---|---|---|---|
| 001 | 102569 | ||
| 003 | ES-MaACL | ||
| 005 | 20230906183133.0 | ||
| 007 | t| | ||
| 008 | 051117s1961 sp ||||1| spa d | ||
| 100 | 1 |
_aMerton, Thomas. _980619 |
|
| 245 | 1 | 3 |
_aEl exilio y la gloria / _cThomas Merton; [traducción de María Espiñeira de Monge]. |
| 260 |
_aBarcelona : _bPomaire, _c1961. |
||
| 300 |
_a339 p. ; _c17 cm. |
||
| 700 | 1 |
_aEspiñeira de Monge, María. _947928 |
|
| 852 |
_aES-MaACL _jC-35639 _bR.68747 |
||
| 999 |
_c102569 _d102569 |
||